Applied experimental psychology : (Record no. 29480)
[ view plain ]
| 000 -LEADER | |
|---|---|
| fixed length control field | 01059cam a22002891 4500 |
| 001 - CONTROL NUMBER | |
| control field | 29480 |
| 003 - CONTROL NUMBER IDENTIFIER | |
| rucl marc code | BD-RjUL |
| 005 - DATE AND TIME OF LATEST TRANSACTION | |
| control field | 20211209051422.0 |
| 008 - FIXED-LENGTH DATA ELEMENTS--GENERAL INFORMATION | |
| fixed length control field | 140403r19541949nyua b 001 0 eng d |
| 035 ## - SYSTEM CONTROL NUMBER | |
| System control number | (BD-RjUL)29565 |
| System control number | (OCoLC)562042 |
| 040 ## - CATALOGING SOURCE | |
| Original cataloging agency | DLC |
| Transcribing agency | ODaWU |
| Modifying agency | OCoLC |
| -- | DLC |
| -- | BD-RjUL |
| Language of cataloging | eng |
| 041 ## - LANGUAGE CODE | |
| Language code of text/sound track or separate title | eng |
| 082 00 - DEWEY DECIMAL CLASSIFICATION NUMBER | |
| Classification number | 620.1 |
| Author mark and year | CHA 1954 |
| 100 1# - MAIN ENTRY--PERSONAL NAME | |
| Personal name | Chapanis, Alphonse Robert Everysta. |
| 9 (RLIN) | 89866 |
| 245 10 - TITLE STATEMENT | |
| Title | Applied experimental psychology : |
| Remainder of title | human factors in engineering design / |
| Statement of responsibility, etc. | [by] Alphonse Chapanis, Wendell R. Garner [and] Clifford T. Morgan. |
| 260 ## - PUBLICATION, DISTRIBUTION, ETC. (IMPRINT) | |
| Place of publication, distribution, etc. | New York : |
| Name of publisher, distributor, etc. | Wiley, |
| Date of publication, distribution, etc. | 1949 [printing 1954]. |
| 300 ## - PHYSICAL DESCRIPTION | |
| Pagination | xi, 434 p. : |
| Illustrations | ill ; |
| Size | 24 cm. |
| 490 0# - SERIES STATEMENT | |
| Series statement | Wiley publications in psychology |
| 500 ## - GENERAL NOTE | |
| General note | An expansion of lectures delivered in the spring of 1947 to the postgraduate engineering students at the Naval Postgraduate School, Annapolis. |
| 504 ## - BIBLIOGRAPHY, ETC. NOTE | |
| Bibliography, etc | Includes index. |
| 650 #0 - SUBJECT ADDED ENTRY--TOPICAL TERM | |
| Topical term or geographic name as entry element | Engineering. |
| 9 (RLIN) | 89867 |
| Topical term or geographic name as entry element | Psychology, Applied. |
| 9 (RLIN) | 5669 |
| 942 ## - ADDED ENTRY ELEMENTS (KOHA) | |
| Source of classification or shelving scheme | Dewey Decimal Classification |
| Koha item type | Books |
| Lost status | Source of classification or shelving scheme | Damaged status | Not for loan | Collection code | Permanent Location | Current Location | Shelving location | Date acquired | Source of acquisition | Cost, normal purchase price | Total Checkouts | Full call number | Date last seen | Copy number | Koha item type |
|---|---|---|---|---|---|---|---|---|---|---|---|---|---|---|---|
| Dewey Decimal Classification | Not For Loan | Non-fiction | Central Library, University of Rajshahi | Central Library, University of Rajshahi | Reading Room | 06/01/1958 | Mohammad book | 6.50 | 620.1 CHA 1954 | 03/04/2014 | C-1 | Books | |||
| Dewey Decimal Classification | Non-fiction | Central Library, University of Rajshahi | Central Library, University of Rajshahi | 12/02/1963 | zeithinger | 57.00 | 620.1 CHA 1961 | 09/04/2014 | C-2 | Books |